| 000 | 01157nam a2200349Ia 4500 | ||
|---|---|---|---|
| 001 | dia_957 | ||
| 003 | CHAP | ||
| 005 | 20230118133852.0 | ||
| 008 | 220117s1989 xx 000 0 und d | ||
| 010 | _a171504 | ||
| 020 | _a0-8247-7881-2 | ||
| 040 | _cCHAP | ||
| 082 | _a660.60724 H33 1989 | ||
| 100 |
_aHaaland, Perry D. _9149611 |
||
| 245 |
_aExperimental design in biotechnology / _c Perry D. Haaland |
||
| 260 |
_aUSA : _b Marcel Dekker, _c1989 |
||
| 300 | _axv, 259 p. | ||
| 440 |
_aStatistics. Texts books and monographs ; 105 _9149612 |
||
| 503 | _aI.212331 | ||
| 504 | _aIncluye bibliografías | ||
| 590 | _aTP248.24 H33 1989 | ||
| 650 |
_aBiotechnology _xExperiments _xGraphic methods _9149613 |
||
| 650 |
_aBiotechnology _xExperiments _xStatistical methods _9149614 |
||
| 650 |
_aBiotecnología _xModelos estadísticos _9149615 |
||
| 650 |
_aBiotecnología _xModelos gráficos _9149616 |
||
| 650 |
_aDiseño experimental _9147259 |
||
| 650 |
_aExperimental design _9147260 |
||
| 901 | _a660.60724 H33 1989 | ||
| 902 | _aM | ||
| 905 | _a5232271989 -USAmn 8222223322ENG16 | ||
| 942 |
_cLIBRO _2ddc |
||
| 999 |
_c171504 _d171504 |
||